| 000 | 00503nam a2200193 a 4500 | ||
|---|---|---|---|
| 005 | 20210219152906.0 | ||
| 008 | 991125n 000 0 eng u | ||
| 035 | _aUPN01000065891 | ||
| 100 | _aMASUOKA, Jitsuichi | ||
| 222 | _aHARVARD EDUCATIONAL REVIEW | ||
| 245 | _aBasic problems of Asia and democratic education | ||
| 260 | _aMassachusetts, EUA | ||
| 300 | _a228-241 | ||
| 362 | _a1947 17, No. 4, fall | ||
| 653 | 0 | _aASIA | |
| 653 | 0 | _aCULTURA | |
| 904 |
_aAC _b003702 |
||
| 905 | _aArticulo | ||
| 999 |
_c63191 _d63191 |
||